Govt. of
Madhya Pradesh

Poetry India (Record no. 2583)

MARC details
000 -LEADER
fixed length control field 004280000a22001810004500
003 - CONTROL NUMBER IDENTIFIER
control field MACL
005 - DATE AND TIME OF LATEST TRANSACTION
control field 20150909162329.0
008 - FIXED-LENGTH DATA ELEMENTS--GENERAL INFORMATION
fixed length control field 150909b xxu||||| |||| 00| 0 eng d
040 ## - CATALOGING SOURCE
Original cataloging agency MACL
Transcribing agency MACL
041 ## - LANGUAGE CODE
Language code of text/sound track or separate title English
082 ## - DEWEY DECIMAL CLASSIFICATION NUMBER
Classification number 821/KAU
100 ## - MAIN ENTRY--PERSONAL NAME
Personal name Kaul, H K
9 (RLIN) 9693
245 ## - TITLE STATEMENT
Title Poetry India
Remainder of title Voices In Time
260 ## - PUBLICATION, DISTRIBUTION, ETC. (IMPRINT)
Name of publisher, distributor, etc. Virgo Publications
Place of publication, distribution, etc. New Delhi
350 ## - PRICE (NR) (BK AM CF MU VM SE) [OBSOLETE]
Price 140
650 ## - SUBJECT ADDED ENTRY--TOPICAL TERM
Topical term or geographic name as entry element poetry
9 (RLIN) 9695
942 ## - ADDED ENTRY ELEMENTS (KOHA)
Koha item type Books
Call number prefix 821
Source of classification or shelving scheme
Holdings
Withdrawn status Lost status Source of classification or shelving scheme Damaged status Not for loan Home library Current library Date acquired Cost, normal purchase price Total Checkouts Full call number Barcode Date last seen Uniform Resource Identifier Price effective from Koha item type
          MACL MACL 15/04/2015 140.00   821/KAU CRE009447 02/05/2024 2574 15/04/2015 Books